LIBRARY & INFORMATION CENTRE, KCAET, TAVANUR

ONLINE PUBLIC ACCESS CATALOGUE (OPAC)

Entrepreneurial development / (Record no. 3268)

MARC details
000 -LEADER
fixed length control field 00449cam a2200181ua 4500
041 ## - LANGUAGE CODE
Language code of text/sound track or separate title eng
082 ## - DEWEY DECIMAL CLASSIFICATION NUMBER
Classification number 658.421
Item number GUP/EN
100 ## - MAIN ENTRY--AUTHOR NAME
Personal name Gupta, C B .
245 ## - TITLE STATEMENT
Title Entrepreneurial development /
260 ## - PUBLICATION, DISTRIBUTION, ETC. (IMPRINT)
Place of publication New Delhi :
Name of publisher S.Chand & Sons ,
Year of publication 1995.
300 ## - PHYSICAL DESCRIPTION
Number of Pages ; .
700 1# - ADDED ENTRY--PERSONAL NAME
Personal name Srinivasan, N P .
942 ## - ADDED ENTRY ELEMENTS (KOHA)
Koha item type Books
Holdings
Withdrawn status Lost status Damaged status Home library Current library Date acquired Full call number Accession Number Koha item type
      KAUAET KAUAET 07/04/2012 658.421 18553 Books
free website counter